export_success — 

COVID-19 Pandemic, Geospatial Information, and Community Resilience : Global Applications and Lessons.

Understanding pandemic resilience requires input from different disciplines. This book, with worldwide contributions examining the COVID-19 pandemic, provides interdisciplinary analysis and multi-sector expertise on the use of geospatial information and location intelligence to support community res...

Full description

Bibliographic Details
Main Author: Rajabifard, Abbas.
Other Authors: Paez, Daniel., Foliente, Greg.
Format: eBook
Language:English
Published: Milton : Taylor & Francis Group, 2021.
Edition:1st ed.
Subjects:
Online Access:Click to View
LEADER 01917nam a22003853i 4500
001 EBC7245662
003 MiAaPQ
005 20231204023229.0
006 m o d |
007 cr cnu||||||||
008 231204s2021 xx o ||||0 eng d
020 |a 9781000402940  |q (electronic bk.) 
020 |z 9780367775315 
035 |a (MiAaPQ)EBC7245662 
035 |a (Au-PeEL)EBL7245662 
035 |a (OCoLC)1262689404 
040 |a MiAaPQ  |b eng  |e rda  |e pn  |c MiAaPQ  |d MiAaPQ 
100 1 |a Rajabifard, Abbas. 
245 1 0 |a COVID-19 Pandemic, Geospatial Information, and Community Resilience :  |b Global Applications and Lessons. 
250 |a 1st ed. 
264 1 |a Milton :  |b Taylor & Francis Group,  |c 2021. 
264 4 |c Ã2021. 
300 |a 1 online resource (559 pages) 
336 |a text  |b txt  |2 rdacontent 
337 |a computer  |b c  |2 rdamedia 
338 |a online resource  |b cr  |2 rdacarrier 
520 |a Understanding pandemic resilience requires input from different disciplines. This book, with worldwide contributions examining the COVID-19 pandemic, provides interdisciplinary analysis and multi-sector expertise on the use of geospatial information and location intelligence to support community resilience and the management of pandemics. 
588 |a Description based on publisher supplied metadata and other sources. 
590 |a Electronic reproduction. Ann Arbor, Michigan : ProQuest Ebook Central, 2023. Available via World Wide Web. Access may be limited to ProQuest Ebook Central affiliated libraries.  
655 4 |a Electronic books. 
700 1 |a Paez, Daniel. 
700 1 |a Foliente, Greg. 
776 0 8 |i Print version:  |a Rajabifard, Abbas  |t COVID-19 Pandemic, Geospatial Information, and Community Resilience  |d Milton : Taylor & Francis Group,c2021  |z 9780367775315 
797 2 |a ProQuest (Firm) 
856 4 0 |u https://ebookcentral.proquest.com/lib/matrademy/detail.action?docID=7245662  |z Click to View